Capitales asiáticas por mapa - Estadísticas

Estadísticas generales
  • Esta prueba ha sido intentada 153 veces
  • La puntuación promedio es 33 de 48
Respuestas en el mapa
Las respuestas están codificadas por una escala verde-roja en el mapa de la prueba según el % correcto abajo.
 
Estadísticas de respuestas
País Capital % Correcto
China Pekín
96%
Corea del Sur Seúl
95%
Japón Tokio
95%
Turquía Ankara
94%
India Nueva Delhi
92%
Israel Jerusalén
87%
Filipinas Manila
86%
Corea del Norte Pionyang
86%
Chipre Nicosia
85%
Arabia Saudita Riad
85%
Mongolia Ulán Bator
85%
Irak Bagdad
83%
Siria Damasco
83%
Emiratos Árabes Unidos Abu Dhabi
82%
Catar Doha
81%
Taiwán Taipéi
79%
Irán Teherán
79%
Tailandia Bangkok
78%
Vietnam Hanói
78%
Singapur Singapur
78%
Georgia Tiflis
77%
Líbano Beirut
76%
Indonesia Yakarta
76%
Afganistán Kabul
73%
Bangladés Daca
72%
Kuwait Kuwait
72%
Azerbaiyán Bakú
71%
Malasia Kuala Lumpur
71%
Pakistán Islamabad
69%
Kazajistán Astaná
67%
Jordania Amán
64%
Armenia Ereván
64%
Yemen Saná
64%
Nepal Katmandú
60%
Maldivas Malé
59%
Omán Mascate
53%
Laos Vientián
53%
Camboya Nom Pen
51%
Timor Oriental Dili
49%
Bután Timbu
45%
Sri Lanka Sri Jayawardenapura Kotte
44%
Kirguistán Biskek
42%
Myanmar Naipyidó
41%
Uzbekistán Taskent
41%
Turkmenistán Asjabad
38%
Baréin Manama
37%
Brunéi Bandar Seri Begawan
35%
Tayikistán Dusambé
33%
No se encontraron pruebas coincidentes
Distribución de puntuación
Porcentaje de gente con cada puntuación
Porcentaje por número respondido
Historial de tus puntuaciones
No has intentado esta prueba.